000 00622nam a2200217Ia 4500
005 20241129120046.0
008 241129s9999||||xx |||||||||||||| ||und||
020 _a9788178246727
037 _aTB
040 _aSDCL
_beng
_cSDCL
041 _aeng
_2eng
084 _aV2:3(Q)'P, R3
_qSDCL
100 _aScott J. Barton
_9445063
245 0 _aSlandering the sacred: Blasphemy law and the shaping of Indian secularism
260 _aNew Delhi
_bPermanent Black
_c2023
300 _a294p.
365 _aINR
_b795
650 _aPolitical Science
942 _cTB
_hV2:3(Q)'P, R3
999 _c1233168
_d1233168